000 00577cab a2200193 4500
001 X1091
008 090401t1993 xxu||||| |||| 00| 0 eng d
035 _a(Sirsi) u14643
041 _aeng
245 _aEconomic analysis and forecasting skills panel
260 _c1993
350 _a0
490 _aCS Monthly : Planning and Development bulletin
_v3(2) October 1993, 7(1)
650 _aECONOMIC ANALYSIS AND FORECASTING SKILLS PANEL
650 _aFORECASTING MODELS
690 _aMANAGEMENT-BUSINESS MANAGEMENT-PROFESSIONAL PRACTICE
942 _n0
948 _c04/03/1997
999 _c9557
_d9557